| 000 | 01126nam a2200229 a 4500 | ||
|---|---|---|---|
| 008 | 110111s2009 ||||||||||||||||| || u | ||
| 020 | _a9789290592594 | ||
| 050 | _aWAC(02)2009/1 | ||
| 100 | _aPye-Smith, Charlie | ||
| 245 | 1 | 0 | _aRestoring lives and landscapes: how partnership between local communities and the state is saving forests and improving livelihoods in Guinea |
| 260 |
_aNairobi: _bCentre for International Forest Research (CIFOR) _c2009 |
||
| 260 |
_aNairobi: _bWorld Agroforestry Centre (WAC) _c2009 |
||
| 300 | _avi, 28p.: ill | ||
| 350 | _a0.00 | ||
| 650 | _aFORESTRY | ||
| 650 | _aFOREST DEGRADATION--CONTROL--GUINEA | ||
| 650 | _aFORESTRY AND COMMUNITY--GUINEA | ||
| 710 | _aCentre for International Forestry Research (CIFOR) | ||
| 710 | _aWorld Agroforestry Centre (WAC) | ||
| 995 |
_aSPECIAL COLLECTIONS _D0.00 _e742428 _FCBU-MAIN LIBRARY (Kitwe) _H1 _I0.00 _jWAC(02)2009/1B _M2 _UAVAILABLE _WJul 11, 2011 _y742428 _ZInternational Publications |
||
| 995 |
_aSPECIAL COLLECTIONS _D0.00 _e742427 _FCBU-MAIN LIBRARY (Kitwe) _H1 _I0.00 _jWAC(02)2009/1A _M1 _UAVAILABLE _WJul 11, 2011 _y742427 _ZInternational Publications |
||
| 999 |
_c80194 _d80194 |
||